| 000 | 00639nam a22002057a 4500 | ||
|---|---|---|---|
| 003 | ASAB | ||
| 005 | 20240708124643.0 | ||
| 008 | 180228t xxu||||| |||| 00| 0 eng d | ||
| 040 | _cASAB | ||
| 082 | _a200 | ||
| 100 |
_aDad Rubina _9124166 |
||
| 245 |
_aGene Mapping in Families with Inherited Epilepsy Syndromes/ _cRubina Dad |
||
| 250 | _a2018 | ||
| 260 |
_aIslamabad. _bASAB Nust University Islamabad _c2018 |
||
| 300 | _a128 P | ||
| 600 |
_xPhD- Healthcare Biotechnology _9123893 |
||
| 700 |
_aSupervisor:Dr. Muhammad Jawad Hassan _9124167 |
||
| 856 | _uhttp://10.250.8.41:8080/xmlui/handle/123456789/20734 | ||
| 942 |
_2ddc _cSC |
||
| 999 |
_c480739 _d480739 |
||